000 00664cam a2200193 i 4500
005 20251217092238.0
008 250721s2012 jo gr 000 0 ara d
082 1 4 _a216.931
_bع و ض
100 1 _aالعوضي، أحمد
_eمؤلف.
245 1 2 _aالنظام الاجتماعي في الإسلام /
_cتاليف الأستاذ الدكتور أحمد العوضي.
250 _aالطبعة الأولى.
264 3 1 _aعمان :
_bالمؤلف،
_c2012.
300 _a197 صفحة.
650 1 7 _aالاسلام.
650 1 7 _aالانظمة الاجتماعية.
650 1 7 _aالمجتمع.
942 _2ddc
_cBK
999 _c125583
_d125583